000 00663nam a2200229 i 4500
003 DO-SdBNP
005 20230906084404.0
006 a||||gr|||| 00| 0
007 ta
008 230824e19? |||ac||| |||| 00| 0 spa d
040 _aDO-SdBNP
_bspa
_cBNPHU
_erda
082 4 _222
_bC748m
245 0 0 _aPrograma de ciencias de la salud doctor en medicina
264 1 _aSanto Domingo :
_bINTEC,
_c[sin fecha]
300 _ai volumen páginas :
_bIlustraciones ;
_c29 cm.
336 _2rdacontent
_atexto
_btxt
337 _2rda media
_asin mediación
_bn
338 _2rdacarrier
_avolumen
_bnc
590 _aInventariado 2023 / DG
910 _aDG
942 _2ddc
_cLF2
999 _c54629
_d54629